<?xml version="1.0" encoding="UTF-8"?>
<record
    xmlns:xsi="http://www.w3.org/2001/XMLSchema-instance"
    xsi:schemaLocation="http://www.loc.gov/MARC21/slim http://www.loc.gov/standards/marcxml/schema/MARC21slim.xsd"
    xmlns="http://www.loc.gov/MARC21/slim">

  <leader>00991nam a2200277 u 4500</leader>
  <controlfield tag="001">1052179</controlfield>
  <controlfield tag="005">20260507082252.0</controlfield>
  <controlfield tag="008">071016s2006                        spa  </controlfield>
  <datafield tag="035" ind1=" " ind2=" ">
    <subfield code="a">1052179</subfield>
  </datafield>
  <datafield tag="035" ind1=" " ind2=" ">
    <subfield code="a">(OCoLC)777660051</subfield>
  </datafield>
  <datafield tag="040" ind1=" " ind2=" ">
    <subfield code="c">comduadb</subfield>
  </datafield>
  <datafield tag="041" ind1=" " ind2=" ">
    <subfield code="a">spa</subfield>
  </datafield>
  <datafield tag="080" ind1=" " ind2=" ">
    <subfield code="a">W</subfield>
  </datafield>
  <datafield tag="110" ind1="2" ind2="0">
    <subfield code="a">Organizaci&#xF3;n Panamericana de la Salud</subfield>
    <subfield code="4">aut</subfield>
    <subfield code="0">(isni)0000 0001 2170 3504</subfield>
    <subfield code="0">(viaf)140655061</subfield>
    <subfield code="e">aut</subfield>
    <subfield code="9">827376</subfield>
  </datafield>
  <datafield tag="245" ind1="1" ind2="0">
    <subfield code="a">Fuerza de trabajo en salud publica : su caracterizacion y desarrollo desde una perspectiva de genero</subfield>
  </datafield>
  <datafield tag="260" ind1=" " ind2=" ">
    <subfield code="a">Estados Unidos :</subfield>
    <subfield code="b">OPS (Organizaci&#xF3;n Panamericana de la Salud),</subfield>
    <subfield code="c">2006.</subfield>
  </datafield>
  <datafield tag="300" ind1=" " ind2=" ">
    <subfield code="a">27 p&#xE1;ginas</subfield>
  </datafield>
  <datafield tag="490" ind1="0" ind2=" ">
    <subfield code="a">Recursos Humanos para la Salud ;</subfield>
    <subfield code="v">47</subfield>
  </datafield>
  <datafield tag="650" ind1=" " ind2=" ">
    <subfield code="a">Recursos humanos en salud</subfield>
    <subfield code="9">13934</subfield>
  </datafield>
  <datafield tag="650" ind1=" " ind2="7">
    <subfield code="a">Salud p&#xFA;blica</subfield>
    <subfield code="2">dcs</subfield>
    <subfield code="9">32016</subfield>
  </datafield>
  <datafield tag="650" ind1=" " ind2="7">
    <subfield code="a">Pol&#xED;tica de salud</subfield>
    <subfield code="2">lemb</subfield>
    <subfield code="9">63739</subfield>
  </datafield>
  <datafield tag="650" ind1=" " ind2=" ">
    <subfield code="a">Mujeres y trabajo</subfield>
    <subfield code="9">60532</subfield>
  </datafield>
  <datafield tag="650" ind1=" " ind2="7">
    <subfield code="a">Transversalidad de g&#xE9;nero</subfield>
    <subfield code="2">embne</subfield>
    <subfield code="9">217387</subfield>
  </datafield>
  <datafield tag="650" ind1=" " ind2="7">
    <subfield code="a">Igualdad de g&#xE9;nero</subfield>
    <subfield code="2">embne</subfield>
    <subfield code="9">20312</subfield>
  </datafield>
  <datafield tag="942" ind1=" " ind2=" ">
    <subfield code="c">BOOK</subfield>
  </datafield>
  <datafield tag="999" ind1=" " ind2=" ">
    <subfield code="c">434279</subfield>
    <subfield code="d">434279</subfield>
  </datafield>
  <datafield tag="952" ind1=" " ind2=" ">
    <subfield code="0">0</subfield>
    <subfield code="1">0</subfield>
    <subfield code="4">0</subfield>
    <subfield code="7">0</subfield>
    <subfield code="8">GENERAL</subfield>
    <subfield code="a">BSP</subfield>
    <subfield code="b">BSP</subfield>
    <subfield code="d">2007-10-16</subfield>
    <subfield code="e">Material adquirido por donaci&#xF3;n</subfield>
    <subfield code="i">C968600</subfield>
    <subfield code="l">0</subfield>
    <subfield code="o">W76 O7f-06</subfield>
    <subfield code="p">61000002968192</subfield>
    <subfield code="r">2024-09-04 00:00:00</subfield>
    <subfield code="t">1</subfield>
    <subfield code="w">2023-04-27</subfield>
    <subfield code="y">BOOK</subfield>
  </datafield>
</record>
